Where Is the Gödel-Point Hiding : Gentzen's Consistency Proof of 1936 and His Representation of Constructive Ordinals /

Obra que explica la prueba del matemático y lógico Gerhard Gentzen de la consistencia de los axiomas de Peano, así como los pasos que siguió para demostrarla, a partir del trabajo de otros filósofos de las matemáticas de la primera mitad del siglo XX, como Gödel y Hilbert.

Guardat en:
Dades bibliogràfiques
Autor principal: Horská, Anna (autor)
Format: Llibre
Idioma:anglès
Publicat: Cham, Suiza : Springer, 2014, c2014
Col·lecció:(Springer Briefs in Philosophy)
Matèries:
Accés en línia:Ver documento en línea
Etiquetes: Afegir etiqueta
Sense etiquetes, Sigues el primer a etiquetar aquest registre!

MARC

LEADER 00000nam^a2200000^a^4500
001 000432197
005 20251023000000.0
009 20260310123008.326
020 |a 978-3-319-02171-3 
037 |a Acervo ITESO - Biblioteca 
041 |a ING 
082 |a 511. 3  |b HOR 
100 |a Horská, Anna  |e (autor) 
245 1 0 |a Where Is the Gödel-Point Hiding :  |b Gentzen's Consistency Proof of 1936 and His Representation of Constructive Ordinals /  |c A. Horská. 
264 4 |a Cham, Suiza :  |b Springer,  |c 2014, c2014 
264 2 |a Cham, Suiza :  |b Springer Link [distribución],  |c 2014 
300 |a 1 libro electrónico en línea (IX, 77 p.) 
300 |a 1 recurso en línea 
336 |a datos para computadora  |b cod  |2 rdacontenido 
337 |a computadora  |b c  |2 rdamedio 
338 |a recurso en línea  |b cr  |2 rdasoporte 
440 1 |a (Springer Briefs in Philosophy) 
506 0 |a Licencias ilimitadas 
520 |a Obra que explica la prueba del matemático y lógico Gerhard Gentzen de la consistencia de los axiomas de Peano, así como los pasos que siguió para demostrarla, a partir del trabajo de otros filósofos de las matemáticas de la primera mitad del siglo XX, como Gödel y Hilbert. 
649 |a XX 
650 |a Matemáticos Alemanes 
650 |a Filósofos Alemanes 
650 |a Axiomas -  |x Tema Principal 
650 |a Teorema de Gödel 
650 |a Teoría de la Demostración -  |x Tema Principal 
650 |a Teoría de Números 
650 |a Lógica Matemática -  |x Tema Principal 
650 |a Matemáticas -  |x Filosofía 
650 |a Matemáticas -  |x Historia -  |y Siglo XX 
650 |a Filosofía del Siglo XX -  |x Historia y Crítica 
650 |a Gentzen, Gerhard -  |x Tema Principal 
650 |a Gödel, Kurt 
650 |a Hilbert, David 
856 4 0 |u https://link-springer-com.ezproxy.iteso.mx/10.1007/978-3-319-02171-3  |y Ver documento en línea 
910 |a Fondo General 
920 |a Electrónicos - Libros en Línea 
930 |a Plataforma Digital 
905 |a 205 
901 |a 432197-1  |b IT2  |c EBO  |i C172346  |u 20250521 
902 |a https://opac.biblio.iteso.mx/vufind/Record/000432197